000 00229 a2200097 4500
001 14204
100 _aLow W.H
245 _aMatriculation English course
260 _aLondon
_bUniversity tutorial press
_c
090 _c11147
_d11147
942 _aNUST-CAE
_cM
_c1278
999 _c249277
_d249277